| 000 | 00000nam##2200000za#4500 |
| 001 | 9.604033 |
| 003 | CaOODSP |
| 005 | 20260128153021 |
| 007 | cr ||||||||||| |
| 008 | 150406|1998||||xxc|||||o f|0| 0 fre|d |
| 022 | |a1488-545X |
| 040 | |aCaOODSP|bfre |
| 043 | |an-cn--- |
| 086 | 1 |aFs97-6/2252F-PDF |
| 110 | 2 |aInstitut Maurice-Lamontagne. |
| 245 | 10|aDébarquements commerciaux et saison de ponte du maquereau bleu (Scomber scombrus L.) aux Îles-de-la-Madeleine et dans la baie des Chaleurs / |h[ressource électronique]|c[par] François Grégoire et Mario Déraspe. |
| 260 | |aMont-Joli - Québec : |bPêches et Océans Canada. |cc1998. |
| 300 | |a54p.|bfigures, graphiques, cartes, tableaux |
| 490 | 1 |aRapport technique canadien des sciences halieutiques et aquatiques|x1488-545X|vN° 2252 |
| 500 | |aLe n° de catalogue (Fs97-6/2252F) et l'ISSN (0706-6570) de l'édition imprimée ont été incorrectement copiés dans l'édition électronique. |
| 546 | |a(Abstract in English) |
| 590 | |a12-23-Supp|b2012-05-28 |
| 720 | 1 |aGrégoire, François |
| 720 | 1 |aDéraspe, Mario |
| 776 | 0#|tDébarquements commerciaux et saisons de ponte du maquereau bleu (Scomber scombrus L.) aux Iles-de-la-Madeleine et dans la Baie des Chaleurs / |w(CaOODSP)9.624999 |
| 830 | #0|aRapport technique canadien des sciences halieutiques et aquatiques,|x1488-545X|vN° 2252|w(CaOODSP)9.500867 |
| 856 | 40|ahttp://publications.gc.ca|qPDF|s1.44 Mo|uhttps://publications.gc.ca/collections/collection_2012/mpo-dfo/Fs97-6-2252-fra.pdf|yN° 2252 |